Himalayan blunder; (Record no. 185174)
[ view plain ]
| 000 -LEADER | |
|---|---|
| fixed length control field | 00842 a2200193 4500 |
| 003 - CONTROL NUMBER IDENTIFIER | |
| control field | Nust |
| 005 - DATE AND TIME OF LATEST TRANSACTION | |
| control field | 20170207153406.0 |
| 010 ## - LIBRARY OF CONGRESS CONTROL NUMBER | |
| LC control number | 76904356 |
| 040 ## - CATALOGING SOURCE | |
| Transcribing agency | Nust |
| 082 ## - DEWEY DECIMAL CLASSIFICATION NUMBER | |
| Classification number | 355.02 |
| 100 ## - MAIN ENTRY--PERSONAL NAME | |
| Personal name | Dalvi, J. P. |
| 245 ## - TITLE STATEMENT | |
| Title | Himalayan blunder; |
| Remainder of title | the curtain-raiser to the Sino-Indian War of 1962 |
| Statement of responsibility, etc. | J. P. Dalvi. Foreword by Frank Moraes |
| 260 ## - PUBLICATION, DISTRIBUTION, ETC. | |
| Place of publication, distribution, etc. | Thacker |
| Name of publisher, distributor, etc. | Bombay |
| Date of publication, distribution, etc. | 1969 |
| 300 ## - PHYSICAL DESCRIPTION | |
| Extent | xxi, 506 p |
| Other physical details | illus |
| Dimensions | col. maps (part fold.), |
| Accompanying material | ports |
| Type of unit | 23 cm |
| 505 ## - FORMATTED CONTENTS NOTE | |
| Formatted contents note | Part.1 -The Years of Credulity and Negligence (Page-1)part.2- The Fateful Year -1962(Page-107) part.3- On to The Namka CHU (Page-165) Part.4- The End of Make-Believe at the Namka CHU River (Page-307) Part.6- The Reason Why (Page-397) |
| 538 ## - SYSTEM DETAILS NOTE | |
| System details note | Almirah No.52, Shelf No.6 |
| 600 ## - SUBJECT ADDED ENTRY--PERSONAL NAME | |
| Personal name | Dalvi, J. P. |
| 650 ## - SUBJECT ADDED ENTRY--TOPICAL TERM | |
| Topical term or geographic name entry element | Himalayan blunder; the curtain-raiser to the Sino-Indian War of 1962 |
| 942 ## - ADDED ENTRY ELEMENTS (KOHA) | |
| Source of classification or shelving scheme | |
| Koha item type | Book |
| Withdrawn status | Lost status | Source of classification or shelving scheme | Damaged status | Not for loan | Collection code | Permanent Location | Current Location | Date acquired | Total Checkouts | Full call number | Barcode | Date last seen | Price effective from | Koha item type |
|---|---|---|---|---|---|---|---|---|---|---|---|---|---|---|
| Military College of Signals (MCS) | Military College of Signals (MCS) | 12/12/2016 | 355.02 DAL | MCS21648 | 12/08/2016 | 12/12/2016 | Book |
